Особенности развития интернет бизнеса в России; Энергия молодых - экономике России; Ч. 2

Bibliographische Detailangaben
Parent link:Энергия молодых - экономике России=Energy of Youth for Russian Economy: сборник научных трудов XIV Международной научно-практической конференции студентов и молодых ученых, г. Томск, 9-11 апреля 2013 г./ Национальный исследовательский Томский политехнический университет (ТПУ) ; Вольное экономическое общество России ; Международный союз экономистов (МСЭ) ; ред. коллегия В. В. Еремин ; Ю. С. Нехорошев ; Г. А. Барышева ; И. Е. Никулина ; Т. Б. Варлачева ; И. В. Кащук ; Е. Ю. Маталасова.— , 2013
Ч. 2.— 2013.— [С. 331-333]
1. Verfasser: Хоменко О. И.
Zusammenfassung:Заглавие с титульного экрана
Sprache:Russisch
Veröffentlicht: 2013
Schriftenreihe:Информационное общество: критерии развития и социально-экономические аспекты
Schlagworte:
Online-Zugang:http://www.lib.tpu.ru/fulltext/c/2013/C23/V2/116.pdf
Format: MixedMaterials Elektronisch Buchkapitel
KOHA link:https://koha.lib.tpu.ru/cgi-bin/koha/opac-detail.pl?biblionumber=245917

MARC

LEADER 00000naa2a2200000 4500
001 245917
005 20260114164512.0
035 |a (RuTPU)RU\TPU\book\267355 
035 |a RU\TPU\book\267342 
090 |a 245917 
100 |a 20131120d2013 k y0rusy50 ca 
101 0 |a rus 
102 |a RU 
135 |a drnn ---uucaa 
181 0 |a i  
182 0 |a b 
200 1 |a Особенности развития интернет бизнеса в России  |f О. И. Хоменко 
203 |a Текст  |c электронный 
225 1 |a Информационное общество: критерии развития и социально-экономические аспекты 
300 |a Заглавие с титульного экрана 
320 |a [Библиогр.: с. 333 (4 назв.)] 
337 |a Adobe Reader 
461 1 |0 (RuTPU)RU\TPU\book\262955  |t Энергия молодых - экономике России  |l Energy of Youth for Russian Economy  |o сборник научных трудов XIV Международной научно-практической конференции студентов и молодых ученых, г. Томск, 9-11 апреля 2013 г.  |o в 2 ч.  |f Национальный исследовательский Томский политехнический университет (ТПУ) ; Вольное экономическое общество России ; Международный союз экономистов (МСЭ) ; ред. коллегия В. В. Еремин ; Ю. С. Нехорошев ; Г. А. Барышева ; И. Е. Никулина ; Т. Б. Варлачева ; И. В. Кащук ; Е. Ю. Маталасова  |d 2013 
463 1 |0 (RuTPU)RU\TPU\book\262959  |t Ч. 2  |v [С. 331-333]  |d 2013 
610 1 |a труды учёных ТПУ 
610 1 |a электронный ресурс 
610 1 |a развитие 
610 1 |a интернет-бизнес 
610 1 |a Россия 
700 1 |a Хоменко  |b О. И. 
801 2 |a RU  |b 63413507  |c 20131120  |g RCR 
856 4 |u http://www.lib.tpu.ru/fulltext/c/2013/C23/V2/116.pdf 
942 |c CF